Πολιτισμός : μια προσωπική άποψη
Saved in:
| Main Author: | |
|---|---|
| Other Authors: | , |
| Format: | Book |
| Language: | Greek English |
| Published: |
Αθήνα :
Νέα Σύνορα,
1978.
|
| Subjects: | |
| Tags: |
Add Tag
No Tags, Be the first to tag this record!
|
MARC
| LEADER | 00000cam a2200000 i 4500 | ||
|---|---|---|---|
| 001 | 1/47375 | ||
| 008 | 980629s1978 gr | ||| |||| ||gre|| | ||
| 035 | |l 10043048 | ||
| 040 | |a GR-MyUA |b gre |e AACR2 | ||
| 041 | 1 | |a gre |h eng | |
| 082 | 0 | |a 940 | |
| 100 | 1 | |a Clark, Kenneth |d 1903- | |
| 245 | 1 | 0 | |a Πολιτισμός : |b μια προσωπική άποψη / |c Κέννεθ Κλάρκ ; μετάφραση Αγγέλα Βερυκοκάκη-Αρτέμη ; θεώρηση επιμέλεια Μαίρη Κοτσανάρου. |
| 246 | 3 | 3 | |a Ιστορία του δυτικού πολιτισμού |
| 260 | |a Αθήνα : |b Νέα Σύνορα, |c 1978. | ||
| 300 | |a 347 σ. : |b εικ. ; |c 24 εκ. | ||
| 650 | 0 | 0 | |a Civilization |x History. |
| 650 | 0 | 0 | |a Art |x History. |
| 700 | 1 | |a Βερυκοκάκη-Αρτέμη, Αγγέλα, |e trlf | |
| 700 | 1 | |a Κοτσανάρου, Μαίρη, |e edtf | |
| 765 | 0 | 8 | |i Μετάφραση του: |t Civilization : |
| 852 | |a INST |b SAMOS |e 19980629 |h 940 CLA |p 005300011041 |q 005300011041 |t BK |y 0 | ||
| 901 | |a BIBL-1998-2 | ||
| 909 | |a Σ |b 051268 | ||
| 922 | |a 3ΕΛΗ |b 199806 |c ΔΩΡ | ||